Glossary of indexing terms (Record no. 14522)

MARC details
000 -LEADER
fixed length control field 00246nam a2200109Ia 4500
082 ## - DEWEY DECIMAL CLASSIFICATION NUMBER
Classification number RR 025.303 BUC
100 ## - MAIN ENTRY--AUTHOR NAME
Personal name Buchanan, Brian
245 #0 - TITLE STATEMENT
Title Glossary of indexing terms
260 ## - PUBLICATION, DISTRIBUTION, ETC. (IMPRINT)
Place of publication London
Name of publisher Clive Bingley
Year of publication 1976
300 ## - PHYSICAL DESCRIPTION
Number of Pages 144p.
942 ## - ADDED ENTRY ELEMENTS (KOHA)
Koha item type Books
Holdings
Withdrawn status Lost status Damaged status Not for loan Home library Current library Date acquired Full call number Accession Number Price effective from Koha item type
        NASSDOC Library NASSDOC Library 08/10/2004 RR 025.303 BUC 11401 18/04/2019 Books